| 000 | 00934nab a22002057a 4500 | ||
|---|---|---|---|
| 999 |
_c5388 _d5388 |
||
| 003 | OSt | ||
| 005 | 20250310095142.0 | ||
| 008 | 190604e xxu||||| |||| 00| 0 spa d | ||
| 040 | _cPJ | ||
| 100 |
_93825 _aYuba, Gabriela |
||
| 245 | 1 | 0 |
_aPrograma de Promoción de Derechos de Niñas, Niños y Adolescentes. Comentario a la resolución 1100/CDNNYA/24 de la Ciudad de Buenos Aires / _cGabriela Yuba. |
| 260 |
_aCiudad Autónoma de Buenos Aires : _bThomson Reuters La Ley, _c2025. |
||
| 300 | _ap. 68-70 | ||
| 500 | _aCita Online: TR LALEY AR/DOC/2990/2024. | ||
| 505 | _t¿Te interesa el texto completo? Solicitalo al correo: koha@justierradelfuego.gov.ar | ||
| 650 | 0 |
_92741 _aDERECHOS DE LAS NIÑAS, NIÑOS Y ADOLESCENTES |
|
| 650 | 0 |
_95662 _aADOLESCENTES |
|
| 773 | 0 |
_02714 _93171 _dCiudad Autónoma de Buenos Aires : Thomson Reuters La Ley, 2014- _tRevista anales de legislación argentina. Nº 3 - Marzo 2025. |
|
| 942 |
_2udc _cANA |
||